00627cam a22001937a 4500003000500000005001700005008004100022010001000063011001000073035001000083040000900093100003300102245011200135260004100247300002100288502007500309650002300384650002600407CHAP20220329142022.0990302d1998 mx r 00110 spa d a77136 a78108 a87947 cCHAP00aCortés Reynosa, Brígido.10aAgronomía y Zootecnia de Pennisetum purpureum Schumach :buna revisiónc/por Brígido Cortés Reynosa aChapingo, Méx. :bEl autor,c1998. a65 h. :bcuadros aTesis (Ing. Agr. Esp. en Zootecnia) -- UACH. Departamento de Zootecnia14aPastos forrajeros.14aPennisetum purpureum.